| 000 | 00933nam a22002417a 4500 | ||
|---|---|---|---|
| 999 |
_c18624 _d18624 |
||
| 003 | AR-CdUCM | ||
| 008 | 190514b ||||| |||| 00| 0 spa d | ||
| 020 | _a968-816-086-5 | ||
| 040 |
_aMUNICIPALIDAD PROVINCIAL DEL CUSCO _cBIBLIOTECA MUNICIPAL DEL CUSCO |
||
| 082 |
_a711.7 / _bV23 |
||
| 100 |
_aValle Arizpe, Artemio De _93822 |
||
| 245 | _aCalle vieja y calle nueva / | ||
| 260 |
_aMéxico : _bSecretaria general de desarrollo social, _c1988. |
||
| 300 |
_a294 páginas ; _bIlustraciones, _c22 cm. |
||
| 440 |
_aColección distrito federal ; _n18 _939321 |
||
| 505 | _aContenido: La calle de las canoas -- Las casas viejas -- La acequia o canal --Los conversadores del maestro Cervantes de Salazar... | ||
| 650 |
_aHistoria mexicana _93909 |
||
| 650 |
_aCostumbres _9230 |
||
| 650 |
_aLeyendas del virreinato _939322 |
||
| 710 |
_aDepartamento del distrito federal _912486 |
||
| 942 |
_2ddc _cLIBROS |
||
| 945 |
_aacv _d2019-05-14 |
||